Word Ladder: Vanity Insanity Quiz Stats

 Plays Quiz Updated Oct 10, 2015

Challenge
Share
Tweet
Embed
Score 0/32 Timer 04:00
0 Plays Today
Hint 4-Letter Word % Correct
Happily ____ afterEVER
98.6%
Remains of an appleCORE
98.3%
Popular carol: 'O ____, All Ye Faithful'COME
97.6%
Christmas and New Year's, for exampleEVES
96.8%
With [Rung 17], baldness-concealing hairdo• COMB •
96%
Kiln or microwaveOVEN
95.8%
Skin opening; toners or dermabrasion may reduce its size• PORE •
95.8%
Many female deerDOES
95.6%
Windows to the soul?EYES
95.5%
Raided by Lara Croft, perhaps?TOMB
94.8%
With [Rung 8], baldness-concealing hairdo• OVER •
94.2%
Duck liver spreadPÂTÉ
93.1%
Trim or cut awayPARE
91.5%
e.g., Just For Men and Garnier Nutrisse• DYES •
91.1%
Destiny or providenceFATE
90.5%
Chemical hair treatment, usually to add long-lasting curls• PERM •
89.7%
Hint 4-Letter Word % Correct
Metatarsal osteotomy: surgical procedure to shorten these• TOES •
89.7%
Casual shoe brandTOMS
88.1%
With [Rung 1], skin-tightening cosmetic surgery procedure• LIFT •
86%
With [Rung 32], skin-tightening cosmetic surgery procedure• FACE •
85.6%
____atology: branch of medicine relating to skin and hairDERM-
85.4%
____ tissue massage, spa treatmentDEEP
84.4%
Nordic first name meaning 'servant boy'SVEN
83.5%
Not scene or saw?SEEN
82.8%
Not right?LEFT
82.5%
Chemical ____, cosmetic treatment that removes dead skin• PEEL •
79.8%
Internet meme; stupid facial expressionDERP
76.2%
Pointy end of a hammerPEEN
76%
High-spirited, lively, or cheerfulPERT
71.6%
Traditional Mongolian item of clothingDEEL
71.2%
Old-timey past tense of 'were'WERT
63.3%
Thread or yarn; also a type of hair extensionsWEFT
60.4%

Today's Daily Dose

You're not logged in!

Compare scores with friends on all Sporcle quizzes.
Join for Free
OR
Log In

You Might Also Like...

Show Comments

Extras

Top Quizzes Today


Score Distribution

Your Account Isn't Verified!

In order to create a playlist on Sporcle, you need to verify the email address you used during registration. Go to your Sporcle Settings to finish the process.

Report this User

Report this user for behavior that violates our Community Guidelines.

Details: